120 Great Paintings of the Life of Jesus : (Record no. 581131)

MARC details
000 -LEADER
fixed length control field 00472nam a2200193 a 4500
008 - FIXED-LENGTH DATA ELEMENTS--GENERAL INFORMATION
fixed length control field 250812s2008##################000#0#eng##
020 ## - INTERNATIONAL STANDARD BOOK NUMBER
ISBN 9780486998992
082 04 - DEWEY DECIMAL CLASSIFICATION NUMBER
Classification number 704
Item number DOV
100 1# - MAIN ENTRY--AUTHOR NAME
Personal name Dover,
245 10 - TITLE STATEMENT
Title 120 Great Paintings of the Life of Jesus :
260 ## - PUBLICATION, DISTRIBUTION, ETC. (IMPRINT)
Name of publisher Courier Corporation,
Year of publication 2008.
300 ## - PHYSICAL DESCRIPTION
Number of Pages 131 pages
650 #0 - SUBJECT ADDED ENTRY--TOPICAL TERM
Topical Term Art.
942 ## - ADDED ENTRY ELEMENTS (KOHA)
Koha item type English Books
Holdings
Withdrawn status Lost status Damaged status Not for loan Home library Current library Shelving location Date acquired Full call number Accession Number Price effective from Koha item type
        Anna Centenary Library Anna Centenary Library 6TH FLOOR, B WING 12.08.2025 704 DOV 442198 12.08.2025 English Books

Find us on the map